| 000 | 00758nam a2200241Ia 4500 | ||
|---|---|---|---|
| 003 | GCL | ||
| 008 | 140319s9999 xx 000 0 ara d | ||
| 040 |
_aGCL / _cGCL |
||
| 082 | 0 | 4 |
_a332.41 _bا ا |
| 100 | 1 | _aاحمد نصحى | |
| 245 | 1 | 0 |
_aاليات التضخم فى مصر / _cاحمد نصحى |
| 700 | 1 | _aعبدالمطلب عبدالحميد | |
| 700 | 1 | _aيوسف بطرس غالى | |
| 700 | 1 | _aهناء خير الدين | |
| 260 |
_a[S.N] : _bكلية الاقتصاد والعلوم السياسية ، _c1992 |
||
| 300 | _a426 | ||
| 490 | _a | ||
| 650 | 0 | 4 | _aالازمات الاقتصادية |
| 650 | 0 | 4 | _aالتضخم المالى |
| 650 | 0 | 4 | _aالميزانية |
| 650 | 0 | 4 | _aالاصلاح النقدى |
| 942 |
_2ddc _cBK |
||
| 999 |
_c30647 _d30647 |
||